Transformaciones estructurales de la economía argentina (Registro nro. 1913)
[ vista simple ]
| 000 -LEADER | |
|---|---|
| fixed length control field | 01490 a2200253 4500 |
| 001 - CONTROL NUMBER | |
| control field | 29634 |
| 005 - DATE AND TIME OF LATEST TRANSACTION | |
| control field | 20260407155606.0 |
| 008 - FIXED-LENGTH DATA ELEMENTS--GENERAL INFORMATION | |
| fixed length control field | 260407a2009 arg spa d |
| 003 - CONTROL NUMBER IDENTIFIER | |
| control field | AR-UNSa-BCEJYS |
| 040 ## - CATALOGING SOURCE | |
| Original cataloging agency | AR-UNSa-BCEJYS |
| Language of cataloging | spa |
| Transcribing agency | AR-UNSa-BCEJYS |
| 080 ## - UNIVERSAL DECIMAL CLASSIFICATION NUMBER | |
| Universal Decimal Classification number | 338.1 |
| Common auxiliary subdivision | Situación económica. Ciclos. Desarrollo de la estructura económica |
| 020 ## - INTERNATIONAL STANDARD BOOK NUMBER | |
| International Standard Book Number | 978-987-1560-04-2 |
| 041 ## - LANGUAGE CODE | |
| Language code of text/sound track or separate title | spa |
| 100 1# - MAIN ENTRY--PERSONAL NAME | |
| Personal name | Azpiazu, Daniel |
| 245 10 - TITLE STATEMENT | |
| Title | Transformaciones estructurales de la economía argentina |
| Name of part/section of a work | una aproximación a partir del panel de grandes empresas, 1991-2005 |
| 264 #1 - PRODUCTION, PUBLICATION, DISTRIBUTION, MANUFACTURE, AND COPYRIGHT NOTICE | |
| Place of production, publication, distribution, manufacture | Buenos Aires : |
| Name of producer, publisher, distributor, manufacturer | PNUD |
| Date of production, publication, distribution, manufacture, or copyright notice | 2009 |
| 300 ## - PHYSICAL DESCRIPTION | |
| Extent | 167 p. |
| Dimensions | 29 cm. |
| 505 ## - FORMATTED CONTENTS NOTE | |
| Formatted contents note | 1. Presentación del trabajo - 2. Antecedentes generales - 3. Consideraciones generales - 4. Incidencia y modalidades de las diferentes formas de propiedad en el comportamiento de las grandes firmas de la economía argentina (1991-2005) - 5. La estabilidad de las empresas que integran la cúpula empresaria - 6. El intercambio comercial de la cúpula empresaria - 7. El quinquenio 2001-2005. Las drásticas transformaciones de la cúpula empresaria durante la postconvertibilidad - 8. Reflexiones finales |
| 590 ## - LOCAL NOTE (RLIN) | |
| Local note | niveau_biblio:m niveau_hierar:0 |
| 700 1# - ADDED ENTRY--PERSONAL NAME | |
| Personal name | Basualdo, Eduardo M. |
| 700 1# - ADDED ENTRY--PERSONAL NAME | |
| Personal name | Programa de las Naciones Unidas para el Desarrollo (PNUD) |
| 856 41 - ELECTRONIC LOCATION AND ACCESS | |
| Uniform Resource Identifier | <a href="https://biblioeco.unsa.edu.ar/pmb/images/libros/Transformaciones Estructurales de la Econom?a Argentina-l118549.jpg">https://biblioeco.unsa.edu.ar/pmb/images/libros/Transformaciones Estructurales de la Econom?a Argentina-l118549.jpg</a> |
| Link text | Imagen de portada |
| Electronic format type | image/jpeg |
| 942 ## - ADDED ENTRY ELEMENTS (KOHA) | |
| Koha item type | |
| Withdrawn status | Lost status | Damaged status | Not for loan | Home library | Current library | Shelving location | Date acquired | Total checkouts | Full call number | Barcode | Date last seen | Price effective from | Koha item type |
|---|---|---|---|---|---|---|---|---|---|---|---|---|---|
| Biblioteca Prof. Eusebio Cleto del Rey | Biblioteca Prof. Eusebio Cleto del Rey | 07/04/2026 | 338.1 A996 | L118549 | 07/04/2026 | 07/04/2026 | Libro | ||||||
| Biblioteca Prof. Eusebio Cleto del Rey | Biblioteca Prof. Eusebio Cleto del Rey | 07/04/2026 | 338.1 A996 | L118550 | 07/04/2026 | 07/04/2026 | Libro |